000 00906nam a2200229Ia 4500
003 OSt
005 20251020182424.0
008 200515s9999 xx 000 0 und d
040 _aPE SENCICO BE
_cPE SENCICO BE
041 _aspa
082 _aR 025.003
_bG26
100 1 _aGarcía Ejarque, Luis
_92241
_eautor
245 1 0 _aDiccionario del archivero - bibliotecario :
_bterminología de la elaboración, tratamiento y utilización de los materiales propios de los centros documentales /
_cLuis García Ejarque
250 _a[1a ed.]
260 _aGijon [España] :
_bTrea ;
_c2000
300 _a442 p. :
_c23 cm.
520 3 _aComprende unos quince mil entradas entre principales y secundarias relativas todas ellas a la terminología propia del quehacer de ambos profesionales.
650 1 0 _aBibliotecología
_92217
650 2 0 _aArchivística
_92230
650 2 0 _aDiccionarios
_9201
942 _cLIB
_2ddc
999 _c52
_d52